000 00984nam a2200265Ia 4500
003 OSt
005 20220923222157.0
006 a|||||r|||| 00| 0
007 ta
008 220922b |||||||| |||| 00| 0 hin d
020 _c60
024 _a203,627
037 _cTextual
040 _aARTS
_cARTS
_bhin
041 _2hin
_ahin
082 _aO157,3N35,11, 152N4
100 _aगंगोपाध्याय, सुनील; सुरेन्द्र, तिवारी, अनु.
_9166238
245 0 _aसप्तम अभियान
246 _aSaptam abhiyāna
260 _aनई दिल्ली
_b किताबघर प्रका0
_c1994
300 _a126पृ.
_ccm.
650 _aबंगाली साहित्य
_9156264
942 _hO157,3N35,11, 152N4
_cTEXL
_2CC
999 _c354379
_d354379